01413cam a22002651 4500001001300000003000400013005001700017008004100034010001700075035001900092040004700111042001200158050002500170082001000195100004100205245024600246260004800492300006400540490012400604501017400728504018500902650001701087740002601104999001701130e 43000016 DLC20260227111231.0781122s1942 dcuak b f001 0 eng c ae 43000016  a(OCoLC)4394461 aU. S. Off. of educ. LibrarycAdOCoLCdDLC apremarc00aLC1045b.A25 no. 223 a331.71 aZapoleon, Marguerite (Wykoff)d1907-10aCommunity occupational surveys,cby Marguerite Wykoff Zapoleon, specialist, occupational information and guidance service. Federal security agency, Paul V. McNuff, administrator. U. S. Office of education, John W. Studebaker, commissioner. aWashington,bU.S. Govt. print. off.,c1942. aviii, 199 p.bincl. illus., tables, forms (2 fold.)c23 cm.0 aU. S. Office of education. Vocational division bulletinvno. 223. Occupational information and guidance series no. 10 aWith : The worker, his job, and his government / United States. Office of Education. Washington : Govt. Print. Off., 1942. Bound together subsequent to publication.5DLC a"Annotated bibliography of reports of community occupational surveys, 1930-1940": p. 143-169. "Selected bibliography on techniques for community occupational surveys": p. 170-175. 0aOccupations.0 aOccupational surveys. c21912d21912